000
00301nam a22001337a 4500
008
181107b xxu||||| |||| 00| 0 eng d
020
_a
9780142002940
041
_a
eng
080
_a
621
100
_a
27
101
_a
ENG
245
_a
The Penguim Atala War And Peace
_c
Dan.S
942
_2
udc
_c
BK
999
_c
52084
_d
52084